<?xml version="1.0" encoding="UTF-8"?>
<record
    xmlns:xsi="http://www.w3.org/2001/XMLSchema-instance"
    xsi:schemaLocation="http://www.loc.gov/MARC21/slim http://www.loc.gov/standards/marcxml/schema/MARC21slim.xsd"
    xmlns="http://www.loc.gov/MARC21/slim">

  <leader>011120000a22002530004500</leader>
  <datafield tag="090" ind1=" " ind2=" ">
    <subfield code="a">MM</subfield>
    <subfield code="b">00207</subfield>
  </datafield>
  <datafield tag="700" ind1="1" ind2=" ">
    <subfield code="a">Gettkant, Andreas</subfield>
    <subfield code="r">Ed.</subfield>
    <subfield code="9">101042</subfield>
  </datafield>
  <datafield tag="700" ind1="1" ind2=" ">
    <subfield code="a">Quintero, Justo</subfield>
    <subfield code="r">Ed.</subfield>
    <subfield code="9">101043</subfield>
  </datafield>
  <datafield tag="700" ind1="1" ind2=" ">
    <subfield code="a">Specht, Rudolf</subfield>
    <subfield code="r">Ed.</subfield>
    <subfield code="9">101044</subfield>
  </datafield>
  <datafield tag="111" ind1="2" ind2=" ">
    <subfield code="a">International Workshop on Biodiversity: Information and Participation Information Management for Sustainable Use and Biosafety</subfield>
    <subfield code="l">La Habana - Cuba</subfield>
    <subfield code="f">marzo 4-8, 2001</subfield>
    <subfield code="9">101045</subfield>
  </datafield>
  <datafield tag="245" ind1="1" ind2="0">
    <subfield code="a">International workshop on biodiversity, information and participation</subfield>
    <subfield code="s">information management for sustainable use and biosafety</subfield>
  </datafield>
  <datafield tag="246" ind1="3" ind2=" ">
    <subfield code="a">Taller internacional sobre la diversidad biol&#xF3;gica, informaci&#xF3;n y participaci&#xF3;n</subfield>
    <subfield code="s">manejo de informaci&#xF3;n para el uso sustentable y la bioseguridad</subfield>
  </datafield>
  <datafield tag="300" ind1=" " ind2=" ">
    <subfield code="b">CD-ROM</subfield>
  </datafield>
  <datafield tag="650" ind1="1" ind2="4">
    <subfield code="a">Cooperaci&#xF3;n internacional</subfield>
    <subfield code="9">97449</subfield>
  </datafield>
  <datafield tag="650" ind1="1" ind2="4">
    <subfield code="a">Convenio sobre diversidad biol&#xF3;gica</subfield>
    <subfield code="9">3261</subfield>
  </datafield>
  <datafield tag="650" ind1="1" ind2="4">
    <subfield code="a">Mecanismos de facilitaci&#xF3;n</subfield>
    <subfield code="9">4553</subfield>
  </datafield>
  <datafield tag="650" ind1="1" ind2="4">
    <subfield code="a">Bioseguridad</subfield>
    <subfield code="9">92758</subfield>
  </datafield>
  <datafield tag="650" ind1="1" ind2="4">
    <subfield code="a">Manejo de la informaci&#xF3;n</subfield>
    <subfield code="9">10585</subfield>
  </datafield>
  <datafield tag="041" ind1="0" ind2=" ">
    <subfield code="a">Ingl&#xE9;s</subfield>
  </datafield>
  <datafield tag="041" ind1="0" ind2=" ">
    <subfield code="a">Espa&#xF1;ol</subfield>
  </datafield>
  <datafield tag="044" ind1=" " ind2=" ">
    <subfield code="a">Alemania</subfield>
  </datafield>
  <datafield tag="260" ind1=" " ind2=" ">
    <subfield code="a">Eschborn</subfield>
    <subfield code="b">GTZ</subfield>
    <subfield code="c">2001</subfield>
  </datafield>
  <datafield tag="942" ind1=" " ind2=" ">
    <subfield code="c">CD-ROM</subfield>
  </datafield>
  <datafield tag="999" ind1=" " ind2=" ">
    <subfield code="c">16583</subfield>
    <subfield code="d">16583</subfield>
  </datafield>
  <datafield tag="952" ind1=" " ind2=" ">
    <subfield code="0">0</subfield>
    <subfield code="1">0</subfield>
    <subfield code="2">z</subfield>
    <subfield code="4">0</subfield>
    <subfield code="7">0</subfield>
    <subfield code="8">MEDIOSM</subfield>
    <subfield code="a">Bogota</subfield>
    <subfield code="b">Bogota</subfield>
    <subfield code="d">2004-05-16</subfield>
    <subfield code="l">0</subfield>
    <subfield code="o">MM 00207</subfield>
    <subfield code="p">018431</subfield>
    <subfield code="r">2015-03-25 00:00:00</subfield>
    <subfield code="t">Ej. 1</subfield>
    <subfield code="w">2015-03-25</subfield>
    <subfield code="x">Donaci&#xF3;n</subfield>
    <subfield code="y">CD-ROM</subfield>
  </datafield>
</record>
